[Event "Petrosian Memorial Internet"]
[Site "ICC INT"]
[Date "2004.12.18"]
[Round "1"]
[White "Sargissian, Gabriel"]
[Black "Khalifman, Alexander"]
[Result "1-0"]
[WhiteElo "2611"]
[BlackElo "2669"]
[Annotator "Dautov,R"]
[PlyCount "93"]
[EventDate "2004.12.18"]
[EventType "team"]
[EventRounds "6"]
[EventCountry "USA"]
[SourceTitle "CBM 105"]
[Source "ChessBase"]
[SourceDate "2005.04.11"]
[SourceVersion "1"]
[SourceVersionDate "2005.04.11"]
[SourceQuality "1"]

1. d4 Nf6 2. c4 e6 3. Nf3 d5 4. Nc3 Be7 5. Bg5 h6 6. Bh4 O-O 7. e3 Ne4 8. Bxe7
Qxe7 9. cxd5 Nxc3 10. bxc3 exd5 11. Qb3 Rd8 12. c4 dxc4 13. Bxc4 Nc6 14. Qc3
Bg4 15. O-O Bxf3 16. gxf3 Qf6 (16... Qh4 17. Kh1 Rd6 18. Rg1 $1 Ne7 19. Rg4 $1
Qh5 20. Rag1 Rg6 21. Qb4 $1 $16 {Beliavsky,A-Vaganian,R/Reggio Emilia 1995})
17. Be2 {Soweit eine der Hauptvarianten des Lasker-Systems.} Rd6 {Schwarz
sollte möglichst schnell den Vorstoß c7-c5 anstreben, deswegen ist der Textzug
ungenau. Zuverlässiger ist das mehrfach erprobte 17...Rac8 nebst 18...Ne7.} (
17... Rac8 18. Rac1 Ne7 19. Kh1 (19. Qa5 Rd5 $1 20. Qxa7 Rh5 21. Rc5 Nd5 $1 22.
Qxb7 Qg5+ 23. Kh1 Rxh2+ $11) 19... b6 (19... Rd5 20. f4 c5 21. Bf3 cxd4 22.
Qxc8+ Nxc8 23. Bxd5 Ne7 24. Bxb7 dxe3 25. fxe3 Qb6 26. Bg2 Qxe3 $11 {Gruenberg,
H-Taggatz,M/Austria 2000}) 20. Qb4 Rd5 21. Rg1 c5 22. dxc5 Rdxc5 23. Rxc5 Rxc5
24. Qe4 g6 $11 {Jobava,B-Marciano,D/Batumi 1999}) 18. Rad1 {Das wirkt ein
bißchen künstlich, denn auf d1 hat der weiße Turm keine Aufgaben. Logischer
wirkt 18.Kh1 nebst Rg1.} (18. Kh1 $1 Re8 19. Rae1 Qe6 $6 20. Rg1 Qxa2 21. d5
Ne5 22. e4 Rg6 23. Rg3 Rxg3 24. hxg3 Re7 $6 25. Kg2 Qa4 26. Ra1 Qd7 27. Rxa7
$16 {Stahlberg,G-Piazzini,L/Buenos Aires 1939}) 18... Re8 {/\Nd4} 19. Qb2 b6
20. Kh1 Ne7 21. Qb5 Red8 (21... c6 $5 22. Qa6 Nd5 23. Rc1 b5 24. Qxa7 b4 $44 {
/\Nc3}) 22. f4 $2 {Die Idee, den Läufer auf f3 zu stellen, ist generell
richtig, hier jedoch konkret falsch.} (22. Rg1 Rd5 23. Qc4 c6 24. f4 $140 c5 $1
) 22... Nd5 $2 {Schwarz nutzt nicht die gebotene Chance, mit 22...Qe6! die
Initiative an sich zu reißen.} (22... Qe6 $1 {/\Qe4} 23. Bf3 c5 $1 24. dxc5
Rxd1 25. Bxd1 Qd5+ 26. Kg1 bxc5 $15) 23. Rc1 Qf5 24. Bf3 Qh3 25. Bg2 $14 {
Der Läufer ist ideal postiert auf g2, er schützt zuverlässig den weißen König.
Schwarz kam nicht zu dem schematischen Vorstoß c7-c5 und ist zu passivem
Abwarten verurteilt.} Qh4 26. Qe2 c6 27. Qf3 Nb4 28. Rc4 Nd5 (28... Nxa2 $2 29.
Qe2 b5 30. Rxc6 Rxc6 31. Bxc6 Nc3 32. Qb2 Nd5 33. Qxb5 $16) (28... c5 29. dxc5
bxc5 30. Rxc5 Rd2 31. Ra5 Rxa2 32. Rxa2 Nxa2 33. Qb7 $14 Qf6 34. Qxa7 Nc3 $14)
29. Rfc1 Ne7 30. h3 Qf6 31. Qh5 Re6 32. a4 $1 {Sargissian will das Feld c5 für
seine Turm erobern.} Rdd6 33. a5 Rd8 (33... b5 34. Rc5 $14) 34. Rb1 Nd5 35.
axb6 axb6 36. Qf3 Qh4 $2 {Es ist nicht leicht, passiv stehen zu bleiben. Mit
dem Textzug übersieht Khalifman die gegnerische Drohung.} (36... b5 37. Rc5 Ne7
$14) (36... g6 37. Qg3 Kh7 $14) 37. Rbc1 Qf6 (37... Rdd6 $2 38. f5 Rf6 39. e4
$18) (37... Ne7 38. f5 Red6 39. d5 $18) 38. f5 $18 Ree8 (38... Red6 39. e4 $18)
39. Rxc6 Qg5 40. Qg4 Ne7 41. Rxb6 Qxf5 42. Qxf5 Nxf5 43. Rc7 Nxd4 44. exd4 Rxd4
45. Rbb7 Re1+ 46. Kh2 Rf4 47. Rxf7 1-0

[Event "Petrosian Memorial Internet"]
[Site "ICC INT"]
[Date "2004.12.22"]
[Round "5"]
[White "Bauer, Christian"]
[Black "Khalifman, Alexander"]
[Result "1-0"]
[WhiteElo "2622"]
[BlackElo "2669"]
[Annotator "Rogozenco,D"]
[PlyCount "37"]
[EventDate "2004.12.18"]
[EventType "team"]
[EventRounds "6"]
[EventCountry "USA"]
[SourceTitle "CBM 105"]
[Source "ChessBase"]
[SourceDate "2005.04.11"]
[SourceVersion "1"]
[SourceVersionDate "2005.04.11"]
[SourceQuality "1"]

1. e4 c5 2. Nf3 Nc6 3. d4 cxd4 4. Nxd4 Nf6 5. Nc3 e5 6. Ndb5 d6 7. Bg5 a6 8.
Na3 b5 9. Bxf6 gxf6 10. Nd5 Bg7 11. Bd3 Ne7 12. Nxe7 Qxe7 13. O-O f5 14. c4 O-O
15. Qf3 d5 16. cxd5 fxe4 17. Bxe4 Rb8 18. Rad1 Rb7 $4 {This blunder needs a
small explanation. Khalifman obviously wanted to play the best theoretical
move 18...Rb6, which leads to good prospects for Black after 19.Qd2 Qd7. The
present game was played on the Internet and unfortunately for the ex-World
Champion due to a silly mouse slip he dropped the rook on b7. This turned out
to lose right away...} 19. d6 ({Black can't even get away with an exchange
down, since after} 19. d6 Qd7 {White wins a whole rook with} 20. Bc6 $1) 1-0

[Event "Drammen Smartfish Masters"]
[Site "Drammen"]
[Date "2004.12.28"]
[Round "2"]
[White "Macieja, Bartlomiej"]
[Black "Khalifman, Alexander"]
[Result "1/2-1/2"]
[WhiteElo "2613"]
[BlackElo "2669"]
[Annotator "Konikowski,J"]
[PlyCount "52"]
[EventDate "2004.12.27"]
[EventType "tourn"]
[EventRounds "9"]
[EventCountry "NOR"]
[EventCategory "14"]
[SourceTitle "CBM 105"]
[Source "ChessBase"]
[SourceDate "2005.04.11"]
[SourceVersion "1"]
[SourceVersionDate "2005.04.11"]
[SourceQuality "1"]

1. e4 c5 2. Nc3 Nc6 3. Nf3 d6 4. d4 cxd4 5. Nxd4 Nf6 6. Bc4 Qb6 7. Ndb5 a6 8.
Be3 Qa5 9. Nd4 e6 10. O-O Be7 11. Bb3 O-O 12. f4 Bd7 13. f5 Nxd4 14. Bxd4 exf5
15. exf5 Bc6 16. Qe1 (16. Qd3 Rae8 17. Rad1 Nd7 (17... b5 18. Qg3 Nh5 19. Qf2
Qd8 20. Bd5 Bxd5 21. Nxd5 Nf6 22. Qg3 Nh5 23. Qg4 Nf6 24. Qg3 Nh5 25. Qa3 $16 {
Ehlvest,J-Ye Jiangchuan/Beijing 1998/}) 18. Qg3 Bf6 19. Qxd6 Bxd4+ 20. Qxd4 Nf6
21. Nd5 Bxd5 22. Bxd5 Rd8 23. c4 {1/2-1/2 Short,N-Kramnik,V/Novgorod 1996/})
16... Rae8 17. Qg3 Nh5 18. Qf2 $146 {[%mdl 8]} (18. Qg4 Bf6 19. Rad1 Bxd4+ 20.
Qxd4 Re5 21. Qxd6 Rxf5 22. Rxf5 Qxf5 23. Rf1 Qc8 24. Nd5 Bxd5 25. Qxd5 Nf6 26.
Qf5 Qd8 {1/2-1/2 Scholl,E-Langeweg,K/Leeuwarden 1972/}) 18... Bf6 19. Bb6 (19.
Rad1 $5) 19... Qb4 20. Nd5 Bxd5 21. Bxd5 Nf4 (21... Qxb2 $2 22. Rab1 Qe5 23.
Bxb7 $16) 22. c3 Qb5 23. Qxf4 Qxb6+ 24. Qf2 Qb5 25. Bf3 Qxf5 26. Bxb7 Qb5
1/2-1/2

[Event "Drammen Smartfish Masters"]
[Site "Drammen"]
[Date "2004.12.30"]
[Round "4"]
[White "Khalifman, Alexander"]
[Black "Nielsen, Peter Heine"]
[Result "1/2-1/2"]
[WhiteElo "2669"]
[BlackElo "2663"]
[Annotator "Huzman,A"]
[PlyCount "36"]
[EventDate "2004.12.27"]
[EventType "tourn"]
[EventRounds "9"]
[EventCountry "NOR"]
[EventCategory "14"]
[SourceTitle "CBM 105"]
[Source "ChessBase"]
[SourceDate "2005.04.11"]
[SourceVersion "1"]
[SourceVersionDate "2005.04.11"]
[SourceQuality "1"]

1. e4 e5 2. Nf3 Nf6 3. d4 Nxe4 4. Bd3 d5 5. Nxe5 Nd7 6. Nxd7 Bxd7 7. O-O Bd6 8.
c4 c6 9. cxd5 cxd5 10. Nc3 O-O 11. Nxd5 Re8 {This is an interesting positional
pawn sacrifice.} (11... Qh4 12. g3 (12. h3 Ng5 13. Bxg5 Qxg5 14. Qf3 Bc6 $44
15. Be4) 12... Nxg3 13. fxg3 Bxg3 14. Qc2 (14. Bxh7+ $5 Kh8 15. Qc2 $16) 14...
Bxh2+ 15. Qxh2 Qxd4+ 16. Rf2 Qxd3 $13 {1-0 Landa,K-Mahesh Chandran,P/Paris
2004/CBM 101 ext (45)}) 12. Qh5 ({Black has to prove the correctness of the
sacrifice after} 12. Qf3 $5 Qh4 13. g3 Ng5 14. Bxg5 Qxg5 15. Nc3 $16) 12... Rc8
13. Be3 $6 (13. Re1 f5 (13... g6 14. Qf3 f5 15. Bxe4 Bc6 16. Qb3 Kh8 17. Nc3
fxe4 18. d5 Bd7 19. Rxe4 Bf5 20. Rxe8+ Qxe8 21. Be3 $16) 14. Bf4 Bc6 15. Qxf5
$1 g6 16. Qg4 Bxd5 17. Bxe4 Bxe4 18. Bxd6 Qxd6 19. Rxe4 $18) 13... Bc6 14. Nc3
g6 15. Qh6 (15. Qe2 Qh4 $1 (15... Nxc3 16. bxc3 Qc7 17. g3 Be4 18. Rac1 Bxd3
19. Qxd3 Qc4 $44) 16. f4 (16. g3 Nxc3 17. bxc3 Qh3 18. f3 Bxg3 19. hxg3 Qxg3+
20. Kh1 Qh3+ $11) (16. h3 Ng3 $1 17. fxg3 Qxg3 $19) 16... Nf6 17. Qf2 Qxf2+ 18.
Bxf2 Bxf4 $15) 15... Bf8 16. Qf4 (16. Qh3 Bd7 17. Qf3 Nxc3 18. bxc3 Rxc3 19.
Be4 Bc6 $11 20. d5 $140 f5 $17) 16... Bd6 17. Qh6 Bf8 18. Qf4 Bd6 1/2-1/2

[Event "Drammen Smartfish Masters"]
[Site "Drammen"]
[Date "2005.01.03"]
[Round "7"]
[White "McShane, Luke J"]
[Black "Khalifman, Alexander"]
[Result "1-0"]
[WhiteElo "2629"]
[BlackElo "2669"]
[Annotator "Bangiev,A"]
[PlyCount "95"]
[EventDate "2004.12.27"]
[EventType "tourn"]
[EventRounds "9"]
[EventCountry "NOR"]
[EventCategory "14"]
[SourceTitle "CBM 105"]
[Source "ChessBase"]
[SourceDate "2005.04.11"]
[SourceVersion "1"]
[SourceVersionDate "2005.04.11"]
[SourceQuality "1"]

1. e4 c5 2. d3 Nc6 3. g3 g6 4. Bg2 Bg7 5. f4 d6 6. Nf3 e6 7. O-O Nge7 8. c3 O-O
9. Be3 Rb8 10. d4 b6 11. Bf2 a5 12. Re1 Ba6 13. a3 Qd7 14. Nbd2 Rfc8 15. Nf1
cxd4 16. cxd4 d5 17. e5 Bxf1 18. Bxf1 {[%csl Rf7]} b5 {[%csl Gf7][%cal Ye6f7]
Weiß soll hier bestrebt sein die Felder e6,f7 anzugreifen.} 19. b3 (19. Qd2 a4
{/\b4}) 19... Na7 {/\b4} 20. Re2 $1 {/\Be1; /\Ne1-d3-c5} (20. Bd3 b4 21. axb4
axb4 22. Ba6 Rc3) 20... h5 (20... b4 21. axb4 axb4 22. Be1 Nb5 23. Rea2) 21.
Rea2 {verhindert b4} Nf5 22. Qe1 Qc7 23. Bd3 a4 $6 (23... Qb6 $5 24. Qd1 Bf8
25. h3 {[%csl Gf7][%cal Ye6f7,Ye4f5]} Nc6 26. g4 hxg4 27. hxg4 Nh6 28. Nh4 {
[%csl Gf7][%cal Ye6f7,Ye4f5]} (28. Ng5 {[%csl Gf7][%cal Ye6f7,Ye4f5]} b4 (28...
Nxd4 29. Bf1 Bc5 30. b4) 29. f5 (29. a4 Nxd4) 29... exf5 30. gxf5 bxa3 $13)
28... Be7 (28... b4 29. a4) 29. g5 Nf5 30. Nxf5 (30. Bxf5 exf5) 30... exf5 31.
Qf3) (23... Qc3 24. Qd1 {/\Be1}) 24. b4 $16 {[%csl Rb5,Rf7] /\Rc2; /\h3 + g4}
Rb6 25. Rc2 Qxc2 (25... Rc6 26. Rac1 Qb6 27. Rxc6 Rxc6 28. Rxc6 Nxc6 29. Qf1 {
[%csl Gb5]} Na7 30. Qc1 (30. h3 Qc6) 30... Bf8 31. h3 $16 {/\g4}) 26. Bxc2 Rxc2
27. Rc1 Rbc6 28. Rxc2 Rxc2 29. Qa1 (29. h3 Ra2 30. Qc3) 29... Bf8 30. h3 Nc8
31. Qf1 Rc3 {[%csl Gf7][%cal Ye6f7]} 32. Ng5 (32. Kg2 Na7 33. Qa1 Rc4 34. g4
$18) 32... Na7 33. Qa1 Rc2 34. Qb1 (34. g4 $5) 34... Rc3 35. Qb2 Rc4 36. Nf3
Nc8 37. Kg2 Na7 38. g4 $18 {[%csl Gf7][%cal Ye6f7]} hxg4 39. hxg4 Nh6 {[%csl
Rh6]} 40. Kg3 {/\Be3 + Qd2 + f5 >> Nh6} Be7 41. Be3 {/\Qd2} f5 (41... Kg7 42.
Qd2) 42. exf6 Bxf6 {[%csl Gf7][%cal Ye6f7]} 43. f5 Nf7 44. fxg6 Nd6 45. Qh2 Rc7
46. Bf4 Nac8 47. Kh3 Rc6 48. Kg2 1-0

[Event "Drammen Smartfish Masters"]
[Site "Drammen"]
[Date "2005.01.04"]
[Round "8"]
[White "Khalifman, Alexander"]
[Black "Johannessen, Leif Erlend"]
[Result "1/2-1/2"]
[WhiteElo "2669"]
[BlackElo "2519"]
[Annotator "Lukacs,P"]
[PlyCount "79"]
[EventDate "2004.12.27"]
[EventType "tourn"]
[EventRounds "9"]
[EventCountry "NOR"]
[EventCategory "14"]
[SourceTitle "CBM 105"]
[Source "ChessBase"]
[SourceDate "2005.04.11"]
[SourceVersion "1"]
[SourceVersionDate "2005.04.11"]
[SourceQuality "1"]

1. e4 c6 2. d4 d5 3. Nc3 dxe4 4. Nxe4 Bf5 5. Ng3 Bg6 6. h4 h6 7. Nf3 Nd7 8. h5
Bh7 9. Bd3 Bxd3 10. Qxd3 e6 11. Bf4 Qa5+ 12. Bd2 Qc7 13. O-O-O O-O-O 14. Ne4
Ngf6 15. g3 Nxe4 16. Qxe4 Bd6 {In this variation White has a slight advantage
especially if he can liquidate for a better _|_ due to his strong B.} 17. c4 (
17. Kb1 Nf6 (17... Rhe8 18. Qh7 $5 {- Kramnik-Leko, Wch Brissago SUI (m 12)
2004}) 18. Qe2 Rhe8 19. c4 c5 20. Bc3 (20. dxc5 {activates the black Q.} Qxc5
21. Be3 Qf5+ 22. Ka1 Bb8 $1 (22... Kb8 23. Nd4 Qg4 24. f3 Qxg3 25. Nb5 $16) 23.
Nd4 Qg4 24. Qd3 $142 {By this way White can avoid the exchange of the Q.} (24.
Qc2 $6 Qe4 25. Qxe4 (25. Qa4 $5 Ng4 26. Rhe1 Nxe3 27. Rxe3 $13) 25... Nxe4 {
(Agopov-Grischuk, Izmir 2004 CBM 104)} 26. Kb1 a6 $11) 24... e5 $142 (24...
Nxh5 25. f3 Qg6 26. Qa3 {White has sacrificed a P, but created nasty threats
on the <<.} a6 27. Nc6 $3 $18 {This is the point!}) (24... Qe4 25. Qa3 $1 Nd7 (
25... a6 26. f3 $1 Qh7 {The Q is out of place here.} 27. Nc6 $1 {The same
motif comes again!} Rxd1+ 28. Rxd1 $16) 26. f3 $16) 25. Qf5+ Qxf5 26. Nxf5
Rxd1+ (26... Nxh5 27. Rxd8+ Rxd8 28. Kb1 g6 29. Nxh6 Rd7 30. Kc2 $14) 27. Rxd1
Nxh5 28. Rh1 $14) 20... cxd4 (20... Qc6 21. Rh4 (21. Rde1 cxd4 22. Nxd4 Qb6 23.
Nb3 Bc7 24. f4 Rd7 25. Rhf1 Red8 26. g4 Qc6 $11 {and Black's heavy artillery
is too active, Karpov-Adianto, Cap d'Agde KO rapid 1998.}) 21... Bc7 (21... Rd7
22. a3 {creating an exit for the K.} cxd4 23. Nxd4 Qa6 24. Nb5 e5 25. Rhh1 $14
{Velimirovic-Akesson, Bela Crvka 1984}) 22. Rd2 (22. Rc1 a6 23. Ka1 cxd4 24.
Nxd4 Qc5 25. Nb3 Qf5 26. c5 Qd3 $11 {G.Timoshenko-Guliev, Berliner Sommer 1993}
) (22. a3 Rd7 23. Ne5 Bxe5 24. Qxe5 Red8 25. Rc1 {In many cases White has to
give up the only opened d file.} cxd4 26. Bxd4 b6 27. Be3 Ne8 $11 {
Riemersma-Guliev, Petersburg 1995}) 22... cxd4 23. Nxd4 Qc5 24. Nb5 Rxd2 25.
Bxd2 Rd8 26. Be3 Qf5+ 27. Kc1 a6 28. Nxc7 Kxc7 29. Bf4+ Kc8 30. Qe5 Qxe5 31.
Bxe5 {and we have reached the typical _|_ for the whole opening.} Rd7 {+/=/=
Shaposhnikov-Guliev, Petersburg 1995}) 21. Nxd4 (21. Bxd4 e5 22. Bc3 (22. Be3
Kb8) 22... Qd7 23. Ka1 Qf5 $13) 21... a6 {- Ramesh-Koneru, Goodricke op 2001
CBM 82}) 17... c5 18. d5 (18. Bc3 {is the main line with only slightly better
chances for White.}) 18... Nf6 19. Qc2 exd5 20. cxd5 Qd7 21. Bc3 Rhe8 22. Bxf6
gxf6 {The P structure is better for White, but the situation is deceptive.
White cannot blockade >< f5 easily, Black has counterplay on the e <->.} 23.
Kb1 (23. Nh4 Re5 24. f4 Rxh5 $1 (24... Ree8 25. Nf5 $16) 25. Qe2 Rxd5 $1 26.
Rxd5 Bxf4+ 27. gxf4 Qxd5 28. Rd1 Qxa2 29. Rxd8+ Kxd8 {Black has four pawns for
the N in the _|_.} 30. Nf5 Qe6 31. Qd3+ (31. Qxe6 fxe6 32. Nxh6 Ke7 33. Ng4 b5
$11) 31... Kc7 32. Nxh6 $1 (32. Kc2 c4 $1) (32. Ne3 $6 {White pushes the _|_
too hard.} h5 33. f5 Qe5 34. Nd5+ Kc8 35. Qc4 Qd4 36. Qa2 h4 37. Qb3 h3 $19 {
Tutzo-P.Kiss, Aggtelek 1995}) 32... Qe1+ 33. Kc2 Qh4 $1 34. Nxf7 Qxf4 {and the
_|_ remains drawish.} 35. Qd8+ (35. Qd5 Qf2+ 36. Kb3 Qe3+ 37. Ka2 Qe7 38. Nh6
Qd6 $11 {Delchev-Carrasco Martinez, La Roda op 2004}) 35... Kc6 36. Qc8+ (36.
Qe8+ Kb6 37. Qe6+ Kc7 $1 $11 {Yakovich-Fridman, Julian Borowski, 1999}) 36...
Kb6 37. Qe6+ {1/2-1/2 Landa-Khenkin, Bad Wiessee 2004}) 23... Qg4 $5 {This is
the novelty.} (23... Re7 $143 24. Nh4 Rde8 (24... Re5 $2 25. f4 $16) 25. Qf5
Re2 26. f4 $14) (23... Kb8 {- Frolov-Volzhin, RUS-ch 53rd Samara 2000 CBM 78})
(23... f5 {- Milos-Izeta Txabarri, Santos Mario Covas 2001 CBM 82}) 24. Nd4 $1
(24. Nh4 Kb8 $1 {- 23...Kb8} (24... Qxh5 $2 25. Nf5 $18) (24... Qe2 25. Qxe2
Rxe2 26. f4 $14) (24... Re2 25. f3 Rxc2 26. fxg4 Re2 27. Nf5 $14)) 24... Re5 $1
{and White cannot get the blockading f5 square.} (24... Kb8 25. Rh4 $1 $16) 25.
Nb5 (25. Rh4 Qd7 $11) 25... Kb8 26. f4 (26. Rh4 Qf3 27. Qd2 (27. Rf4 Qxh5 28.
Rxf6 Be7 $17) 27... a6 $11) (26. Rd2 Qb4 (26... Bf8 27. Rhd1 a6 28. Nc3 Bd6 29.
f4 Rxh5 (29... Re3 30. Ne4 Qf5 31. Nxd6 Qxc2+ 32. Rxc2 Rxd6 $11) 30. Ne4 Qg6
$11) 27. Nxd6 (27. Na3 Re4 28. Rc1 Rde8 29. Qc3 Qxc3 30. Rxc3 Re2 31. Rxe2 Rxe2
32. f4 a6 33. Nc4 Kc7 $11) 27... Rxd6 {The _|_ with the heavy pieces is very
drawish as general.} 28. Rhd1 Qe4 $11) 26... Rxh5 27. Nxd6 Rxh1 28. Rxh1 Rxd6
29. Qxc5 Qf5+ 30. Ka1 Qxd5 $11 {and the draw is inevitable in the R _|_.} 31.
Qxd5 Rxd5 32. Kb1 h5 33. Rc1 Rd3 34. Rc5 Rxg3 35. Rxh5 Rd3 36. Rh8+ Kc7 37. Rh7
Rd7 38. Rh6 Rd6 39. Rh7 Rd7 40. Rh6 1/2-1/2

[Event "Moscow Aeroflot op-A"]
[Site "Moscow"]
[Date "2005.02.17"]
[Round "3"]
[White "Galkin, Alexander"]
[Black "Khalifman, Alexander"]
[Result "0-1"]
[WhiteElo "2593"]
[BlackElo "2662"]
[Annotator "Gofshtein,L"]
[PlyCount "66"]
[EventDate "2005.02.15"]
[EventType "swiss"]
[EventRounds "9"]
[EventCountry "RUS"]
[SourceTitle "CBM 106"]
[Source "ChessBase"]
[SourceDate "2005.06.06"]
[SourceVersion "1"]
[SourceVersionDate "2005.06.06"]
[SourceQuality "1"]

1. e4 {[%mdl 4]} c5 2. Nf3 d6 3. d4 cxd4 4. Nxd4 Nf6 5. Nc3 Nc6 6. Bg5 e6 7.
Qd2 a6 8. O-O-O h6 9. Be3 Bd7 10. f3 b5 11. Nxc6 Bxc6 12. h4 {It was also
possible to play 12.g4 or 12.Bd3, black gets a fine counterplay in both cases}
(12. g4 Qc7 13. Bd4 b4 14. Ne2 e5 15. Be3 d5 16. Ng3 dxe4 $132 {1/2-1/2
Liutsko,I-Korzubov,P/Dushanbe 1980/EXT 2002 (35)}) (12. Bd3 Qc7 13. Qf2 (13.
Rhe1 Be7 14. Kb1 Nd7 15. Bd4 O-O 16. Nd5 Bxd5 17. exd5 e5 18. Be3 f5 $132 {
1/2-1/2 Sawadkuhi,M-Lanka,Z/Hamburg 2004/CBM 100 ext (31)}) 13... Rc8 14. Bb6
Qb7 15. Kb1 Nd7 16. Be3 Ne5 17. Ne2 Qc7 18. Nd4 Bb7 19. Qg3 Nc4 20. Bc1 Qb6
$132 {1/2-1/2 Jamrich,G-Balogh,C/Budapest 2000/EXT 2001 (38)}) 12... Qc7 13.
Kb1 (13. Rg1 Qb7 14. g4 Nd7 15. g5 hxg5 16. hxg5 Nc5 17. Bg2 Be7 18. Nd5 $1 $36
{1-0 Arnason,J-Trepp,M/Zug 1983/EXT 2003 (27)}) 13... Rc8 14. Bd3 (14. Rg1 $5
d5 15. e5 Nd7 16. f4 Nc5 17. Bd3 b4 18. Ne2 Ne4 19. Bxe4 dxe4 20. g4 Be7 21. h5
a5 22. Nd4 $13 {0-1 Werle,J-Rau,H/Pulvermuehle 2001/EXT 2002 (43)}) 14... Nd7
$5 {[%cal Rd7e5] A prophylactics against white's possible advance with
g2-g4-g5, and also covers the e5 square and prepares the advance d6-d5} (14...
b4 15. Ne2 d5 16. e5 Nd7 17. f4 Nc5 18. Nd4 Bb7 19. f5 $40) 15. Ne2 {[%cal
Re2d4] White transfers his knight to an active position in the centre not
waiting for black to throw him back with b5-b4} Bb7 {[%cal Rc7c2] Freeing the
c-file for the heavy pieces and preparing the advance d6-d5} 16. Nd4 (16. Nf4
Nf6) 16... d5 {This way black activizes his pieces and gets a counterplay} 17.
exd5 Bxd5 {[%cal Rd5a2]} 18. Rhe1 {White brings his rook closer to the centre.
It's not clear how can he get some activity} (18. Bf4 Bd6 (18... Qb7) 19. Bxd6
Qxd6 20. Qe3 O-O $132) 18... Be7 {Finishing the development and preparing the
castling} 19. Bf4 Qb7 20. Re2 $6 {20.Be4 deserved attention, exchanging
black's active bishop} (20. Be4 $5) 20... Nc5 {[%cal Rc5d3]} 21. h5 Nxd3 22.
Qxd3 O-O $17 {[%cal Rd5c4] A pair of bishops gives black a more active position
} 23. Qe3 Bc5 24. Qc1 Rfd8 {Black is gradually starting to dominate the
position} {Black has a firm hold of the initiative. Also in case of 25.Nb3 he
has the initiative} 25. Be3 (25. Nb3 Be7 26. Rd3 Bf6 27. Qe1 Qb6 $36) 25... a5
$36 {Black starts the advance on the queenside, at the same time, white finds
it difficult to get any activity on the kingside} 26. Ree1 a4 27. Ne2 Bb4 28.
Rh1 e5 {[%cal Ge5d4,Ge5f4] Restricting white's knight and freeing the c6
square for his queen} 29. Ng3 Qc6 {[%cal Rc6e6]} 30. Rh4 Be7 31. Rhh1 Qe6 $19 {
[%cal Rd5a2] A decisive transfer of the queen} 32. b3 (32. a3 b4 $19) 32...
axb3 33. axb3 Bxb3 0-1